00707cam a22002294a 4500001000500000005001700005020001800022040002300040050002300063082001100086100001900097245003400116250003900150260004800189300006300237490002000300505000800320520008400328521002000412521002100432650002400453296320250825140230.0 a9780811854054 aDLCcDLCdDLCbeng00aQB641.S4947b 200600a523.431 aSimon, Seymour10aPlanet Mars /cSeymour Simon. aThis edition was published in 2006 aSan Francisco :bChronicle Book LLC ,c2006 a31 unnumbered pages ;bcolor illustrations, map ; c24 cm. aSeemore readers aQ  aUsing simple text and illustrations, introduces readers to the red planet Mars. a670 bLexile  aQ bRaz-Plus  aplanetvnon-fiction